000 01101nam a22003257a 4500
001 BR9100754
003 BR-BrBNA
005 20230928093518.0
007 ta
008 230509b bl.||||| |||| 00| 0 por d
040 _aBR-BrBNA
_bpor
_cBiblioteca Nacional de Agricultura
041 _a(Por)
072 _aL51; L02
_b5210
_b0120
_b1540
_b8959
090 _ 5210 BR9100754
100 1 _aZeoula, L.M.
110 1 _aUniversidade Federal de Vicosa, MG (Brasil)
_0Tese (Doutor Scientiae)
245 1 _aEfeitos da fonte de amido, do processamento e da adicao de ureia sobre a fermentacao "in vitro", e digestao parcial e total em bovideos
260 3 _aVicosa, MG (Brasil):
_c1990.
300 _a250 p.
500 _a6 illus.; 64 tables; Bibliography p. 203-219 (193 ref.); Summary (Por). (*) Documento disponível na(o) Universidade Federal de Vicosa, MG (Brazil)
650 _aBOVIDEO
650 _aNUTRICAO ANIMAL
650 _aMILHO
650 _aMANDIOCA
650 _aRASPA
650 _aSORGO
650 _aDIGESTIBILIDADE
909 _a202309
_bLucia
_c55
_dLucia Elande
942 _cBK
999 _c45416
_d45416